Reflect 4 Reading and Writing : (Record no. 1161)

MARC details
000 -LEADER
fixed length control field 00868nam a22002537a 4500
003 - CONTROL NUMBER IDENTIFIER
control field OSt
005 - DATE AND TIME OF LATEST TRANSACTION
control field 20260113115029.0
008 - FIXED-LENGTH DATA ELEMENTS--GENERAL INFORMATION
fixed length control field 260113b |||||||| |||| 00| 0 eng d
020 ## - INTERNATIONAL STANDARD BOOK NUMBER
International Standard Book Number 9780357448823
040 ## - CATALOGING SOURCE
Original cataloging agency KCST
Transcribing agency KCST
082 ## - DEWEY DECIMAL CLASSIFICATION NUMBER
Classification number 428.24 Re
110 ## - MAIN ENTRY--CORPORATE NAME
Corporate name or jurisdiction name as entry element Cengage Learning, Inc.
Subordinate unit National Geographic Learning
245 ## - TITLE STATEMENT
Title Reflect 4 Reading and Writing :
Remainder of title teacher's guide /
250 ## - EDITION STATEMENT
Edition statement 1
260 ## - PUBLICATION, DISTRIBUTION, ETC.
Place of publication, distribution, etc. [S.l.]:
Name of publisher, distributor, etc. Cengage Learning;
Date of publication, distribution, etc. 2022
300 ## - PHYSICAL DESCRIPTION
Extent 81 p.
650 ## - SUBJECT ADDED ENTRY--TOPICAL TERM
Topical term or geographic name entry element English language
Form subdivision Teacher's manual
650 ## - SUBJECT ADDED ENTRY--TOPICAL TERM
Topical term or geographic name entry element English language
Form subdivision Spoken English
General subdivision Textbooks for foreign speakers
650 ## - SUBJECT ADDED ENTRY--TOPICAL TERM
Topical term or geographic name entry element English language
Form subdivision Study and teaching
Source of heading or term Foreign speakers
650 ## - SUBJECT ADDED ENTRY--TOPICAL TERM
Topical term or geographic name entry element Rhetoric
Form subdivision Problems, exercises, etc.
650 ## - SUBJECT ADDED ENTRY--TOPICAL TERM
Topical term or geographic name entry element Report writing
Form subdivision Problems, exercises, etc
650 ## - SUBJECT ADDED ENTRY--TOPICAL TERM
Topical term or geographic name entry element Critical thinking
Form subdivision Problems, exercises, etc
942 ## - ADDED ENTRY ELEMENTS (KOHA)
Source of classification or shelving scheme Dewey Decimal Classification
Koha item type Teacher's manual
Suppress in OPAC No
Holdings
Withdrawn status Lost status Source of classification or shelving scheme Damaged status Not for loan Home library Current library Date acquired Source of acquisition Cost, normal purchase price Total checkouts Full call number Barcode Date due Date last seen Date last checked out Price effective from Koha item type
    Dewey Decimal Classification     KCST Library KCST Library 07/09/2025 Complimentary - That Al-Salasil 0.00 1 428.24 Re 1000001860 28/04/2026 13/01/2026 13/01/2026 13/01/2026 Teacher's manual
    Dewey Decimal Classification     KCST Library KCST Library 07/09/2025 Complimentary - That Al-Salasil 0.00 1 428.24 Re 1000001861   13/01/2026 13/01/2026 13/01/2026 Teacher's manual
    Dewey Decimal Classification     KCST Library KCST Library 07/09/2025 Complimentary - That Al-Salasil 0.00 1 428.24 Re 1000001862 28/04/2026 13/01/2026 13/01/2026 13/01/2026 Teacher's manual
    Dewey Decimal Classification     KCST Library KCST Library 07/09/2025 Complimentary - That Al-Salasil 0.00   428.24 Re 1000001863   13/01/2026   13/01/2026 Teacher's manual
© 2025 KCST. All rights reserved